Študijný program na št. rok 1948-1949

Podrobná bibliografia
Korporatívny autor: Slovenská vysoká škola technická v Bratislave (Autor)
Médium: Kniha
Jazyk:slovenčina
Fyzický popis:243 s. 8 °
Vydavateľské údaje: Bratislava Slovenská vysoká škola technická 1948
Predmet:

MARC

LEADER 00000cam a2200000 a 4500
001 vtls001385272
003 SK-MaSNL
005 20260301115654.0
008 000317s1948 xo f 00100 slo
015 |a SNBA1948 
035 |a SNK000339399 
040 |a SNK  |b slo  |c SNK  |e AACR2 
041 0 |a slo 
044 |a xo  |c SK 
080 |a 378(073)  |2 1981 
110 2 |a Slovenská vysoká škola technická v Bratislave  |4 aut  |9 124617 
245 1 0 |a Študijný program na št. rok 1948-1949  |c Slovenská vysoká škola technická v Bratislave 
260 |a Bratislava  |b Slovenská vysoká škola technická  |c 1948 
300 |a 243 s.  |c 8 ° 
504 |a Obsahuje menný register na s. 239-243 
610 2 7 |a Slovenská vysoká škola technická v Bratislave  |2 SNKKA  |9 124617 
648 7 |a 1948/1949  |2 SNKPH  |9 461048 
650 0 7 |a študijné programy  |2 SNKPH  |9 75147 
655 7 |a príručky  |2 SNKPH  |9 74364 
999 |c 723061  |d 724991 
952 |a SNK  |b SNK  |y PREZ  |7 0  |p 17A0495378  |o snkSD 12417  |i snk5890/56  |3 rekakatalogizácia  |0 0  |1 0  |4 0  |d 2006-01-26  |l 0  |r 2025-11-25 00:00:00  |w 2026-02-23 
952 |a SNK  |b SNK  |y VYP  |7 0  |p 17A1344883  |o snkSD 12417 D1  |i snkVIII. 5661/48  |0 0  |1 0  |4 0  |d 2019-01-17  |l 0  |r 2026-02-23 22:05:25  |w 2026-02-23 
952 |a SNK  |b SNK  |y VYP  |7 0  |p 17A0910340  |o snkSD 12417 D2  |i snk4582/49  |0 0  |1 0  |4 0  |d 2019-01-08  |l 0  |r 2026-02-23 22:05:25  |w 2026-02-23